000 005790000a22001930004500
001 768714001
003 CO-MdFUSB
005 20170608150649.0
008 170608s2004 cr ||||| |||| 00| 0 spa d
022 _a1659-0074
040 _aCO-MdFUSB
_bspa
_cCO-MdFUSB
_dCO-MdFUSB
041 _aspa
100 1 _aMeneses, Mercedes de
_eautor
245 1 0 _a¿Quién eres?
300 _aVolumen 1. Número 4 (2004), Página 4
_c 27 cm.
546 _aTexto en español
773 0 _tApuntes Mujer Líder
_049442
_960150
_gVolumen 1. Número 4 (2004), Página 4
_qPágina 4
942 _cANA
999 _c60771
_d60771